000 01574nam a2200469 i 4500
001 5472
003 KOSZ 005
005 20200507123604.0
008 970513s1993 pl a f f |000 0 pol
015 _aUWD 1992/11182
020 _a8320808960
035 _a991001564739705066
035 _a(PL-WaBN)b10446163-48omnis_nlop
035 _ab10446163
035 _a(OCoLC)749285377
035 _a(PL)b0000001044616
035 _a(EXLNZ-48OMNIS_NETWORK)9910401632105606
040 _aWA N
_cWA N
_dKOSZ 005/HR
080 _a004
080 _a(075.8)
245 0 0 _aWstęp do informatyki :
_bpraca zbiorowa /
_cpod red. Elżbiety Niedzielskiej.
250 _aWyd. 2 uzup.
260 _aWarszawa :
_bPańst. Wydaw. Ekonomiczne,
_c1993.
300 _a241, [3] s. :
_brys., wykr. ;
_c24 cm.
336 _aTekst
_btxt
_2rdacontent
337 _aBez urządzenia pośredniczącego
_bn
_2rdamedia
338 _aWolumin
_bnc
_2rdacarrier
380 _aKsiążki
380 _aPublikacje dydaktyczne
385 _mPoziom nauczania
_aSzkoły wyższe
388 _a1901-2000
388 _a1945-1989
504 _aBibliogr. s. 240-242.
650 7 _aInformatyka
_2DBN
655 7 _aPodręczniki akademickie
_2DBN
658 _aInformatyka i technologie informacyjne
700 1 _aNiedzielska, Elżbieta
_d(1934- )
_eRedakcja
710 2 _aPaństwowe Wydawnictwo Ekonomiczne
_4pbl
856 _uhttp://koha.tu.koszalin.pl/cgi-bin/koha/opac-detail.pl?biblionumber=5472
_zKatalog online BPK
942 _2UKD
_cKS
999 _c5472
_d5472